000 01206nam a2200301 a 4500
001 BRCA_7997
005 20190320210104.0
008 140314s1970----u--a###f##---#001-0#eng-#
041 _aeng
044 _au
050 4 _aN620
_b.F897
_c1970
100 1 _aPope-Hennessy, John
_913415
245 1 0 _aSculpture in the Frick Collection
_bitalian
_cby John Pope-Hennessy and Terence W. I. Hodgkinson ; assisted by Anthony F. Radcliffe.
260 _aUSA
_bPrinceton University Press
_c1970
300 _axxxii, 254 p.
_bil. (algunas a color)
_c27 cm.
440 0 _aThe Frick Collection and Illustrated Catalogue
_vIII
_919850
440 0 _aThe Frick Collection and Illustrated Catalogue
_vIV
_919850
500 _a3103
500 _aDos volúmenes inventariados como un sólo libro por el Banco de México
500 _aSubtitulo en segundo ejemplar ´sculpture german, netherlandish, french and brithish´
650 1 4 _aEscultura italiana
_vCatálogos
_919851
650 1 4 _aEscultura europea
_vColeccionistas y colecciones
_919852
700 1 _aHodgkinson, Terence W. I.
_ecoaut.
_919853
700 1 _aRadcliffe, Anthony F.
_919854
710 2 _aFrick Collection
_919855
902 _aGFM
942 _2lcc
_cB
999 _c7666
_d7666